Cơ học và kết cấu công trình

Sách cung cấp những kiến thức cơ bản về cơ học và kết cấu công trình trong việc kiến trúc cá công trình dân dụng, công nghiệp và đô thị như: Cơ học tĩnh và cơ học vật liệu, cấu tạo hình học của hệ kết cấu, các hệ kết cấu tĩnh định...

全面介绍

Đã lưu trong:
书目详细资料
主要作者: Vũ Mạnh Hùng
格式: 图书
语言:Undetermined
出版: Hà Nội Xây Dựng 1998
主题:
标签: 添加标签
没有标签, 成为第一个标记此记录!
Thư viện lưu trữ: Trung tâm Học liệu Trường Đại học Cần Thơ
LEADER 01327nam a2200205Ia 4500
001 CTU_24983
008 210402s9999 xx 000 0 und d
020 |b 45.000đ 
082 |a 624.1834 
082 |b H513c 
100 |a Vũ Mạnh Hùng 
245 0 |a Cơ học và kết cấu công trình 
245 0 |c Vũ Mạnh Hùng 
260 |a Hà Nội 
260 |b Xây Dựng 
260 |c 1998 
520 |a Sách cung cấp những kiến thức cơ bản về cơ học và kết cấu công trình trong việc kiến trúc cá công trình dân dụng, công nghiệp và đô thị như: Cơ học tĩnh và cơ học vật liệu, cấu tạo hình học của hệ kết cấu, các hệ kết cấu tĩnh định, các hệ kết cấu siêu tĩnh, cấu kiện cơ bản bê tông cốt thép và khối xây, cấu kiện cơ bản thép - gỗ, kết cấu sàn, kết cấu mái, kết cấu khung - sườn, kết cấu cầu thang..., các kết cấu đặc biệt chuyên dùng (tường chắn, bể chứa...) và nền móng 
650 |a concrete construction 
904 |i Minh, 980904 
980 |a Trung tâm Học liệu Trường Đại học Cần Thơ